Statistiques concernant Joueurs du Stade de Reims ayant joué en Ligue 1 depuis 2018/2019

Cliquez ici pour prendre le quiz!

Statistiques générales

  • Ce quiz a été pris 361 fois
    (248 depuis la dernière actualisation)
  • Le résultat moyen est 34 sur 66

Statistiques - réponses

PosteRéponse% Correct
DéfenseurYunis Abdelhamid
93%
GardienPredrag Rajković
90%
DéfenseurThomas Foket
89%
GardienYehvann Diouf
87%
GardienÉdouard Mendy
85%
AttaquantFolarin Balogun
81%
AttaquantJunya Ito
81%
DéfenseurWout Faes
81%
MilieuMarshall Munetsi
78%
AttaquantBoulaye Dia
76%
DéfenseurGhislain Konan
76%
AttaquantHugo Ekitike
76%
AttaquantArbër Zeneli
73%
MilieuAzor Matusiwa
69%
GardienPatrick Pentz
68%
AttaquantEl Bilal Touré
67%
DéfenseurMaxime Busi
67%
MilieuKamory Doumbia
66%
AttaquantMoussa Doumbia
66%
MilieuAlexis Flips
64%
DéfenseurAndreaw Gravillon
64%
DéfenseurThibault De Smet
64%
MilieuValon Berisha
64%
DéfenseurEmmanuel Agbadou
63%
DéfenseurAxel Disasi
62%
DéfenseurBradley Locko
61%
DéfenseurBjörn Engels
58%
DéfenseurHassane Kamara
58%
MilieuJens Cajuste
58%
AttaquantRémi Oudin
58%
MilieuDion Lopy
56%
MilieuXavier Chavalerin
56%
AttaquantIlan Kebbal
55%
AttaquantAnastasios Donis
54%
MilieuMathieu Cafaro
54%
AttaquantNathanaël Mbuku
54%
AttaquantMitchell Van Bergen
53%
AttaquantKaj Sierhuis
49%
MilieuMartin Adeline
49%
MilieuMoreto Cassamá
48%
GardienNicolas Lemaître
48%
AttaquantPablo Chavarría
48%
AttaquantFraser Hornby
41%
MilieuAlaixys Romao
40%
AttaquantHyun-Jun Suk
38%
MilieuTristan Dingomé
38%
DéfenseurDario Maresic
36%
DéfenseurMustapha Mbow
36%
DéfenseurIbrahim Diakité
35%
AttaquantDereck Kutesa
34%
MilieuSamuel Koeberle
34%
DéfenseurAbdul Rahman Baba
33%
DéfenseurFodé Doucouré
29%
MilieuMarvin Martin
29%
AttaquantN’dri Koffi
29%
AttaquantGrejohn Kyei
26%
DéfenseurRomain Métanire
26%
MilieuSambou Sissoko
24%
AttaquantSheyi Ojo
24%
AttaquantTimothée Nkada
23%
MilieuAly Ndom
17%
DéfenseurThomas Fontaine
17%
MilieuNolan Mbemba
16%
MilieuMoïse Sakava
11%
AttaquantVirgile Pinson
11%
MilieuMouhamadou Drammeh
9%

Distribution des résultats

Percentile par nombre de réponses

% des personnes avec chaque résultat

Votre développement - résultats

Vous n’avez pas pris ce quiz depuis la dernière actualisation